Việt Nam sử lược Q.2 /

Cuốn sách Việt Nam sử lược là một bộ sách tham khảo cần thiết cho các nhà chuyên môn đồng thời giúp cho bạn đọc nắm được những nét chính yếu của lịch sử dân tộc.

সংরক্ষণ করুন:
গ্রন্থ-পঞ্জীর বিবরন
প্রধান লেখক: Trần Trọng Kim.
বিন্যাস: গ্রন্থ
ভাষা:Vietnamese
প্রকাশিত: Tp.HCM : Nxb Tp.HCM, 2000.
বিষয়গুলি:
ট্যাগগুলো: ট্যাগ যুক্ত করুন
কোনো ট্যাগ নেই, প্রথমজন হিসাবে ট্যাগ করুন!
Thư viện lưu trữ: Mạng thư viện Đại học Đà Nẵng
LEADER 01111cam a2200361 i 4500
001 000042974
003 849
005 20030917150230.0
008 010305b2000 vm 000 vie
020 |c 29000 
040 |a IRC  |c IRC  |d IRC 
041 0 |a vie 
082 1 4 |a 959.7  |b TR-K 
100 1 |a Trần Trọng Kim. 
245 0 0 |a Việt Nam sử lược  |n Q.2 /  |c Trần Trọng Kim. 
260 |a Tp.HCM :  |b Nxb Tp.HCM,  |c 2000. 
300 |a 357tr. ;  |c 20,5cm. 
520 3 |a Cuốn sách Việt Nam sử lược là một bộ sách tham khảo cần thiết cho các nhà chuyên môn đồng thời giúp cho bạn đọc nắm được những nét chính yếu của lịch sử dân tộc. 
630 0 4 |a Việt Nam. 
630 0 4 |a Lịch sử Việt Nam. 
630 0 4 |a Lịch sử. 
650 0 4 |a Việt Nam  |b Lịch sử. 
651 4 |a Việt Nam  |x Lịch sử. 
OWN |a DUT 
999 |a From the UDN01 
TYP |a Monograph 
TYP |a Printed language 
980 |a Mạng thư viện Đại học Đà Nẵng